000 00988nam a2200253Ia 4500
003 OSt
005 20220923211432.0
006 a|||||r|||| 00| 0
007 ta
008 220922b |||||||| |||| 00| 0 czh d
020 _a9789350001561 (hbk)
_c200
024 _a242,133
037 _b471, 23/02/2010, Vani Prakashan
_cTextual
040 _aARTS
_cARTS
_bczh
041 _2czh
_aczh
082 _aO5925,3N24,EM, 152Q0
100 _aश्कवोरस्की, जोसेफ़; वर्मा, निर्मल, अनु.
_9160479
245 0 _aएमेके
_b एक गाथा
246 _aEmeke: ek gāthā
260 _aनयी दिल्ली
_b वाणी प्रकाशन
_c2010
300 _a151पृ0
_ccm.
942 _hO5925,3N24,EM, 152Q0
_cTEXL
_2CC
999 _c299488
_d299488